Normal view
MARC view
- Presidents' spouses
Entry Topical Term
001 - CONTROL NUMBER
- control field: 23298
003 - CONTROL NUMBER IDENTIFIER
- control field: NUST
005 - DATE AND TIME OF LATEST TRANSACTION
- control field: 20191008150647.0
008 - FIXED-LENGTH DATA ELEMENTS
- fixed length control field: 191008|| aca||aabn | a|a d
040 ## - CATALOGING SOURCE
- Original cataloging agency: NUST
- Transcribing agency: NUST
150 ## - HEADING--TOPICAL TERM
- Topical term or geographic name entry element: Presidents' spouses
- Geographic subdivision: United States
- General subdivision: Portraits.
670 ## - SOURCE DATA FOUND
- Source citation: Work cat.: (NUST)0: Klapthor, Margaret Brown. 23297, The first ladies /, 1989.
